Welcome to University of Cape Coast Library, Online Public Access Catalogue (OPAC)

Rapid psychological assessment / (Record no. 39985)

MARC details
000 -LEADER
fixed length control field 01181cam a2200301 a 4500
001 - CONTROL NUMBER
control field 3545433
003 - CONTROL NUMBER IDENTIFIER
control field OSt
005 - DATE AND TIME OF LATEST TRANSACTION
control field 20220311101323.0
008 - FIXED-LENGTH DATA ELEMENTS--GENERAL INFORMATION
fixed length control field 971014s1998 nyua bf 001 0 eng
010 ## - LIBRARY OF CONGRESS CONTROL NUMBER
LC control number 97045506
020 ## - INTERNATIONAL STANDARD BOOK NUMBER
International Standard Book Number 0471181811 (hardcover : alk. paper)
035 ## - SYSTEM CONTROL NUMBER
System control number (DLC) 97045506
040 ## - CATALOGING SOURCE
Original cataloging agency DLC
Transcribing agency DLC
Modifying agency DLC
050 00 - LIBRARY OF CONGRESS CALL NUMBER
Classification number RC469
Item number .Ol3
082 00 - DEWEY DECIMAL CLASSIFICATION NUMBER
Classification number 616.89/075
Edition number 21
100 1# - MAIN ENTRY--PERSONAL NAME
Personal name Olin, Jason T.,
Dates associated with a name 1964-
245 10 - TITLE STATEMENT
Title Rapid psychological assessment /
Statement of responsibility, etc. Jason T. Olin, Carolyn Keatinge.
260 ## - PUBLICATION, DISTRIBUTION, ETC.
Place of publication, distribution, etc. New York :
Name of publisher, distributor, etc. John Wiley & Sons,
Date of publication, distribution, etc. c1998.
300 ## - PHYSICAL DESCRIPTION
Extent xvi, 320 p. :
Other physical details ill. ;
Dimensions 24 cm.
504 ## - BIBLIOGRAPHY, ETC. NOTE
Bibliography, etc. note Includes bibliographical references (299-304) and indexes.
650 #0 - SUBJECT ADDED ENTRY--TOPICAL TERM
Topical term or geographic name entry element Psychodiagnostics
General subdivision Handbooks, manuals, etc.
700 1# - ADDED ENTRY--PERSONAL NAME
Personal name Keatinge, Carolyn.
856 42 - ELECTRONIC LOCATION AND ACCESS
Materials specified Publisher description
Uniform Resource Identifier <a href="http://www.loc.gov/catdir/description/wiley034/97045506.html">http://www.loc.gov/catdir/description/wiley034/97045506.html</a>
856 4# - ELECTRONIC LOCATION AND ACCESS
Materials specified Table of Contents
Uniform Resource Identifier <a href="http://www.loc.gov/catdir/toc/onix05/97045506.html">http://www.loc.gov/catdir/toc/onix05/97045506.html</a>
906 ## - LOCAL DATA ELEMENT F, LDF (RLIN)
a 7
b cbc
c orignew
d 1
e ocip
f 19
g y-gencatlg
942 ## - ADDED ENTRY ELEMENTS (KOHA)
Source of classification or shelving scheme Library of Congress Classification
Koha item type Books

No items available.

Koha©2022 UCC.All Right Reserved.Site Developed by Sam Jonah Library IT Team
<Home | Contact | Library publications |Research Tools | Research Guides |https://ucclivechat.library-gh.net/index.php/chat

If you have questions or concern please contact the Library.



PMB, University of Cape Coast

KOHA HOME